| 000 | 00614nam a2200217Ia 4500 | ||
|---|---|---|---|
| 005 | 20260429111929.0 | ||
| 008 | 260429s9999||||xx |||||||||||||| ||und|| | ||
| 020 | _a9789394262287 | ||
| 041 | _aEnglish | ||
| 082 |
_a954.025 _bSAR |
||
| 100 | _aSarkar, Sir Jadunath | ||
| 245 | 0 |
_aHistory of Aurangzeb (based on original sources), Vol. 4 / _cSir Jadunath Sarkar |
|
| 250 | _a1st ed. | ||
| 260 |
_aNew Delhi : _bManohar Publishers and Distributors, _c2023. |
||
| 300 | _axi, 352 p.; hb | ||
| 440 | _vVol. 4 | ||
| 650 | _a India-History | ||
| 650 | _a Mughal Empire | ||
| 650 | _aAurangzeb | ||
| 942 | _cTB | ||
| 999 |
_c51482 _d51482 |
||